Der Leuchtturm; (Record no. 4157)

MARC details
000 -LEADER
fixed length control field 00555cam a22002051 4500
001 - CONTROL NUMBER
control field af 48000662
003 - CONTROL NUMBER IDENTIFIER
control field DLC
005 - DATE AND TIME OF LATEST TRANSACTION
control field 20260227110844.0
008 - FIXED-LENGTH DATA ELEMENTS--GENERAL INFORMATION
fixed length control field 890527s1947 gw a 000 0 ger c
010 ## - LIBRARY OF CONGRESS CONTROL NUMBER
LC control number af 48000662
035 ## - SYSTEM CONTROL NUMBER
System control number (OCoLC)19773405
040 ## - CATALOGING SOURCE
Original cataloging agency Yale Univ. Library
Transcribing agency CU
Modifying agency DLC
042 ## - AUTHENTICATION CODE
Authentication code premarc
050 00 - LIBRARY OF CONGRESS CALL NUMBER
Classification number PT2638.M466
Item number L4
100 1# - MAIN ENTRY--PERSONAL NAME
Personal name Schmidt, Hans Walter,
Dates associated with a name 1885-
245 14 - TITLE STATEMENT
Title Der Leuchtturm;
Remainder of title Kurzgeschichten.
260 ## - PUBLICATION, DISTRIBUTION, ETC.
Place of publication, distribution, etc. Nürnberg,
Name of publisher, distributor, etc. L. Liebel,
Date of publication, distribution, etc. 1947.
300 ## - PHYSICAL DESCRIPTION
Extent 190 p.
Other physical details illus.
Dimensions 21 cm.
440 #0 - SERIES STATEMENT/ADDED ENTRY--TITLE
Title Marksteine des Lebens

No items available.

Powered by Koha